Revista Cubana de Derecho ambiental

Detalles Bibliográficos
Formato: eBook
Lenguaje:español
Publicado: La Habana: Instituto de Ecologa̕ y Sistemt̀ica, 2010 -
Materias:
Acceso en línea:Acceso restringido

MARC

LEADER 00000nam a22000007a 4500
005 20191025220058.0
007 cr|||| ||||
008 191025c20109999cu zn|w s|||| 0|||b1spa d
022 |a 2219-0511 
035 |a 23964 
040 |a vLex 
090 |c 9970  |d 9970 
245 0 0 |a Revista Cubana de Derecho ambiental  |h [Recurso electrn̤ico] / 
256 |a Servicio en ln̕ea 
260 |a La Habana:  |b Instituto de Ecologa̕ y Sistemt̀ica,  |c 2010 - 
300 |a 1 recurso electrn̤ico 
310 |a Irregular 
362 |a Nð 1 (Jul. 2010) - 
506 1 |a Disponible solo en los productos indicados  |d vLex Global  |d vLex Global (Academic Edition, excluding Law Schools)  |d vLex Global (U.S. Academic Edition, Law Schools)  |d vLex Global (U.S. Academic Edition, excluding Law Schools)  |d vLex Global (Academic Edition, Law Schools) 
650 0 4 |a Derecho del Medio Ambiente  |z Cuba 
740 0 |a vLex Revistas (Servicio en ln̕ea) 
856 4 0 |u http://vlex.com/source/revista-cubana-de-derecho-ambiental-23964  |z Acceso restringido 
942 |c REV 
999 0 |a Environmental Law